书目信息 |
| 题名: |
数据库原理
|
|
| 作者: | 郭盈发 , 张红娟 编著 | |
| 分册: | ||
| 出版信息: | 西安 西北电子科技大学出版社 2003.11 |
|
| 页数: | 222页 | |
| 开本: | 26cm | |
| 丛书名: | 高等学校教材 | |
| 单 册: | ||
| 中图分类: | TP311.13 | |
| 科图分类: | ||
| 主题词: | 数据库系统--高等学校--教材 | |
| 电子资源: | ||
| ISBN: | 7-5606-1103-6 | |
| 000 | 01094nam 2200289 450 | |
| 001 | 0134208718 | |
| 005 | 20050910153611.63 | |
| 010 | @a7-5606-1103-6@dCNY16.00 | |
| 100 | @a20041221d2003 km y0chiy0120 ea | |
| 101 | 0 | @achi |
| 102 | @aCN@b610000 | |
| 105 | @aa z 000yy | |
| 200 | 1 | @a数据库原理@Ashu ju ku yuan li@d= Principles of database@f郭盈发, 张红娟编著@Fguo ying fa,zhang hong juan bian zhu@zeng |
| 205 | @a第2版 | |
| 210 | @a西安@c西北电子科技大学出版社@d2003.11 | |
| 215 | @a222页@c图@d26cm | |
| 225 | 2 | @a高等学校教材@i高等学校电子信息类系列教材 |
| 330 | @a本书采用一种全新的方法系统地介绍了关系数据库的基本概念、基本原理和设计技术等,内容包括:数据库系统概论、SQL 语言、关系数据模型及其运算基础、数据库管理、数据库设计等。 | |
| 410 | 0 | @12001 @a高等学校教材 |
| 410 | 0 | @12001 @a高等学校电子信息类系列教材 |
| 510 | 1 | @aPrinciples of database@zeng |
| 606 | 0 | @a数据库系统@x高等学校@j教材 |
| 690 | @aTP311.13@v4 | |
| 701 | 0 | @a郭盈发@Aguo ying fa@4编著 |
| 701 | 0 | @a张红娟@Azhang hong juan@4编著 |
| 801 | 0 | @aCN@bQSSK@c20050910 |
| 905 | @a10447@dTP311.13@eG861 | |
| 数据库原理= Principles of database/郭盈发, 张红娟编著.-第2版.-西安:西北电子科技大学出版社,2003.11 |
| 222页:图;26cm.-(高等学校教材.高等学校电子信息类系列教材) |
| ISBN 7-5606-1103-6:CNY16.00 |
| 本书采用一种全新的方法系统地介绍了关系数据库的基本概念、基本原理和设计技术等,内容包括:数据库系统概论、SQL 语言、关系数据模型及其运算基础、数据库管理、数据库设计等。 |
| ● |
| 相关链接 |
|
|
|
正题名:数据库原理
索取号:TP311.13/G861
 
预约/预借
| 序号 | 登录号 | 条形码 | 馆藏地/架位号 | 状态 | 备注 |
| 1 | 568701 | 205687014 | 自科二线404/404自科库 11排4列2层/ [索取号:TP311.13/G861] | 在馆 | |
| 2 | 568702 | 205687023 | 期刊室512/301自科库 70排2列1层/ [索取号:TP311.13/G861] | 在馆 | |
| 3 | 568703 | 205687032 | 期刊室512/301自科库 70排2列1层/ [索取号:TP311.13/G861] | 在馆 |